<?xml version="1.0" encoding="UTF-8"?>
<record
    xmlns:xsi="http://www.w3.org/2001/XMLSchema-instance"
    xsi:schemaLocation="http://www.loc.gov/MARC21/slim http://www.loc.gov/standards/marcxml/schema/MARC21slim.xsd"
    xmlns="http://www.loc.gov/MARC21/slim">

  <leader>00453nam a22001697a 4500</leader>
  <controlfield tag="003">SGT</controlfield>
  <datafield tag="020" ind1=" " ind2=" ">
    <subfield code="a">9789387085824</subfield>
  </datafield>
  <datafield tag="082" ind1=" " ind2=" ">
    <subfield code="a">617.966</subfield>
    <subfield code="b">M90B</subfield>
  </datafield>
  <datafield tag="100" ind1=" " ind2=" ">
    <subfield code="a">Bennett, C. Richard</subfield>
  </datafield>
  <datafield tag="245" ind1=" " ind2=" ">
    <subfield code="a">Monheim's Local Anesthesia and pain control in Dental practice</subfield>
  </datafield>
  <datafield tag="250" ind1=" " ind2=" ">
    <subfield code="a">7th</subfield>
  </datafield>
  <datafield tag="260" ind1=" " ind2=" ">
    <subfield code="a">New Delhi, India</subfield>
    <subfield code="b">CBS Publishers &amp; Distributers</subfield>
    <subfield code="c">1990</subfield>
  </datafield>
  <datafield tag="300" ind1=" " ind2=" ">
    <subfield code="a">404</subfield>
  </datafield>
  <datafield tag="650" ind1=" " ind2=" ">
    <subfield code="a">Local Anesthesia </subfield>
  </datafield>
  <datafield tag="653" ind1=" " ind2=" ">
    <subfield code="a">Local Anesthesia </subfield>
  </datafield>
  <datafield tag="942" ind1=" " ind2=" ">
    <subfield code="2">ddc</subfield>
    <subfield code="c">BK</subfield>
    <subfield code="0">204</subfield>
  </datafield>
  <datafield tag="952" ind1=" " ind2=" ">
    <subfield code="0">0</subfield>
    <subfield code="1">0</subfield>
    <subfield code="2">ddc</subfield>
    <subfield code="4">0</subfield>
    <subfield code="7">0</subfield>
    <subfield code="a">FD</subfield>
    <subfield code="b">FD</subfield>
    <subfield code="d">2022-05-11</subfield>
    <subfield code="e">Ahuja Book Co. Pvt. Ltd.</subfield>
    <subfield code="g">795.00</subfield>
    <subfield code="i">SGTU</subfield>
    <subfield code="l">28</subfield>
    <subfield code="m">1</subfield>
    <subfield code="o">617.966 M90B</subfield>
    <subfield code="p">FD8639</subfield>
    <subfield code="r">2024-02-20 00:00:00</subfield>
    <subfield code="s">2024-02-13</subfield>
    <subfield code="w">2022-04-16</subfield>
    <subfield code="y">BK</subfield>
    <subfield code="k">14353</subfield>
  </datafield>
  <datafield tag="952" ind1=" " ind2=" ">
    <subfield code="0">0</subfield>
    <subfield code="1">0</subfield>
    <subfield code="2">ddc</subfield>
    <subfield code="4">0</subfield>
    <subfield code="7">0</subfield>
    <subfield code="a">FD</subfield>
    <subfield code="b">FD</subfield>
    <subfield code="d">2022-05-11</subfield>
    <subfield code="e">Ahuja Book Co. Pvt. Ltd.</subfield>
    <subfield code="g">795.00</subfield>
    <subfield code="i">SGTU</subfield>
    <subfield code="l">72</subfield>
    <subfield code="o">617.966 M90B</subfield>
    <subfield code="p">FD8640</subfield>
    <subfield code="r">2026-05-06 00:00:00</subfield>
    <subfield code="s">2026-05-06</subfield>
    <subfield code="w">2022-04-16</subfield>
    <subfield code="y">BK</subfield>
    <subfield code="k">14353</subfield>
  </datafield>
  <datafield tag="952" ind1=" " ind2=" ">
    <subfield code="0">0</subfield>
    <subfield code="1">0</subfield>
    <subfield code="2">ddc</subfield>
    <subfield code="4">0</subfield>
    <subfield code="7">0</subfield>
    <subfield code="a">FD</subfield>
    <subfield code="b">FD</subfield>
    <subfield code="d">2022-05-11</subfield>
    <subfield code="e">Ahuja Book Co. Pvt. Ltd.</subfield>
    <subfield code="g">795.00</subfield>
    <subfield code="i">SGTU</subfield>
    <subfield code="l">41</subfield>
    <subfield code="o">617.966 M90B</subfield>
    <subfield code="p">FD8641</subfield>
    <subfield code="r">2024-10-28 00:00:00</subfield>
    <subfield code="s">2024-02-24</subfield>
    <subfield code="w">2022-04-16</subfield>
    <subfield code="y">BK</subfield>
    <subfield code="k">14353</subfield>
  </datafield>
  <datafield tag="952" ind1=" " ind2=" ">
    <subfield code="0">0</subfield>
    <subfield code="1">0</subfield>
    <subfield code="2">ddc</subfield>
    <subfield code="4">0</subfield>
    <subfield code="7">0</subfield>
    <subfield code="a">FD</subfield>
    <subfield code="b">FD</subfield>
    <subfield code="d">2022-05-11</subfield>
    <subfield code="e">Ahuja Book Co. Pvt. Ltd.</subfield>
    <subfield code="g">795.00</subfield>
    <subfield code="i">SGTU</subfield>
    <subfield code="l">40</subfield>
    <subfield code="o">617.966 M90B</subfield>
    <subfield code="p">FD8642</subfield>
    <subfield code="r">2026-03-23 00:00:00</subfield>
    <subfield code="s">2026-03-23</subfield>
    <subfield code="w">2022-04-16</subfield>
    <subfield code="y">BK</subfield>
    <subfield code="k">14353</subfield>
  </datafield>
  <datafield tag="952" ind1=" " ind2=" ">
    <subfield code="0">0</subfield>
    <subfield code="1">0</subfield>
    <subfield code="2">ddc</subfield>
    <subfield code="4">0</subfield>
    <subfield code="7">0</subfield>
    <subfield code="a">FD</subfield>
    <subfield code="b">FD</subfield>
    <subfield code="d">2022-05-11</subfield>
    <subfield code="e">Ahuja Book Co. Pvt. Ltd.</subfield>
    <subfield code="g">795.00</subfield>
    <subfield code="i">SGTU</subfield>
    <subfield code="l">55</subfield>
    <subfield code="m">1</subfield>
    <subfield code="o">617.966 M90B</subfield>
    <subfield code="p">FD8643</subfield>
    <subfield code="r">2025-11-04 00:00:00</subfield>
    <subfield code="s">2025-10-18</subfield>
    <subfield code="w">2022-04-16</subfield>
    <subfield code="y">BK</subfield>
    <subfield code="k">14353</subfield>
  </datafield>
  <datafield tag="999" ind1=" " ind2=" ">
    <subfield code="c">22710</subfield>
    <subfield code="d">22710</subfield>
  </datafield>
</record>
